| 000 | 01008cab a2200289 4500 | ||
|---|---|---|---|
| 001 | ABS57305 | ||
| 008 | 090401t1997 xxu||||| |||| 00| 0 eng d | ||
| 035 | _a(Sirsi) u79640 | ||
| 041 | _aeng | ||
| 100 | _aLee, E. | ||
| 245 | _aVirtual reality multi-media project management system | ||
| 260 | _c1997 | ||
| 350 | _a0 | ||
| 490 |
_aSurveying _v6(5) June 1997, 12-15(4) |
||
| 520 | _aExplains the idea of virtual reality project management, showing how the simulated building environment can enhance design coordination, project strategy, quality assurance, time control, marketing, and facilities management. | ||
| 650 | _aBUILT ENVIRONMENT-CONSTRUCTION DESIGN | ||
| 650 |
_aFACILITIES MANAGEMENT _96240 |
||
| 650 | _aISO 9000 | ||
| 650 | _aMARKETING | ||
| 650 | _aMANAGEMENT-PROJECT MANAGEMENT | ||
| 650 | _aQUALITY ASSURANCE | ||
| 650 | _aVIRTUAL REALITY | ||
| 690 | _aMANAGEMENT-BUSINESS MANAGEMENT-INFORMATION MANAGEMENT | ||
| 700 | _aWong, S. | ||
| 942 | _n0 | ||
| 948 | _c16/07/1997 | ||
| 999 |
_c50085 _d50085 |
||